Európska akciová spoločnosť (SE) ako fenomén trvalo udržateľného rozvoja

Výhody a nevýhody európskej akciovej spoločnosti (SE). Vznik a založenie európskej akciovej spoločnosti. Majetková podstata podniku ako relevantný nástroj trvalo udržateľného rozvoja vykazovaná v účtovnej závierke ako súčasti výročnej správy SE. Výsledok hospodárenia ako faktor zmeny majetkovej pods...

ver descrição completa

Na minha lista:
Detalhes bibliográficos
Autor principal: Lovciová, Kornélia, 1983-
Formato: Capítulo de Livro
Idioma:eslovaco
Assuntos:
Tags: Adicionar Tag
Sem tags, seja o primeiro a adicionar uma tag!

MARC

LEADER 00000nla a2200000 4500
001 0240843
005 20240502073924.0
041 0 |a slo 
044 |a SK 
245 1 0 |a Európska akciová spoločnosť (SE) ako fenomén trvalo udržateľného rozvoja  |c Kornélia Lovciová 
520 |a Výhody a nevýhody európskej akciovej spoločnosti (SE). Vznik a založenie európskej akciovej spoločnosti. Majetková podstata podniku ako relevantný nástroj trvalo udržateľného rozvoja vykazovaná v účtovnej závierke ako súčasti výročnej správy SE. Výsledok hospodárenia ako faktor zmeny majetkovej podstaty SE. 
610 2 0 |a spoločnosti akciové 
610 2 0 |a majetok 
610 2 0 |a imanie vlastné 
610 2 0 |a analýzy 
610 2 0 |a závierka účtovná konsolidovaná 
610 2 0 |a správy výročné 
610 2 0 |a legislatíva 
610 2 0 |a smernice 
610 2 0 |a podnikanie 
610 2 0 |a Európa 
100 1 |a Lovciová, Kornélia, 1983-